La nueva regulacin̤ del Derecho de Familia Legislacin̤ y doctrina jurisprudencial del Tribunal Supremo /

Bibliographic Details
Main Author: Martn̕ Přez, Antonio
Format: eBook
Language:Spanish
Published: Madrid : Dykinson, 2011
Subjects:
Online Access:Acceso restringido

MARC

LEADER 00000nam a22000007a 4500
005 20120906182144.0
007 cr|||| ||||
008 120906s2011 sp |||||s|||| 00||0 spa d
020 |a 978-84-9982-749-0 
035 |a 6334 
040 |a vLex 
090 |c 3392  |d 3392 
100 1 |a Martn̕ Přez, Antonio 
245 1 0 |a La nueva regulacin̤ del Derecho de Familia  |h [Recurso electrn̤ico] :  |b Legislacin̤ y doctrina jurisprudencial del Tribunal Supremo /  |c Antonio Martn̕ Přez  
256 |a Servicio en ln̕ea 
260 |a Madrid :  |b Dykinson,  |c 2011 
300 |a 1 recurso electrn̤ico 
506 1 |a Contenido solo disponible en los productos indicados  |d vLex Global   |d vLex Global (Academic Edition, excluding Law Schools)   |d vLex Global (U.S. Academic Edition, Law Schools)   |d vLex Global (U.S. Academic Edition, excluding Law Schools)   |d vLex Global (Academic Edition, Law Schools)  
650 0 4 |a Derecho de familia 
740 0 |a vLex Libros (Servicio en ln̕ea) 
856 4 0 |u http://vlex.com/source/nueva-regulacion-derecho-familia-legislacion-doctrina-jurisprudencial-tribunal-supremo-6334  |z Acceso restringido 
942 |c BOOK 
999 0 |a Domestic relations